[Event "Nizami Ganjavi 880 years U17"]
[Site "Tornelo INT"]
[Date "2021.04.04"]
[Round "7.1"]
[White "Suleymanov, Ali"]
[Black "Volkov, Maksim"]
[Result "1-0"]
[WhiteElo "1645"]
[BlackElo "2163"]
[PlyCount "83"]
[EventDate "2021.04.02"]
[EventType "team-swiss (blitz)"]
[EventRounds "9"]
[EventCountry "AZE"]
[SourceTitle "EXT 2023"]
[Source "ChessBase"]
[SourceDate "2022.10.05"]
[SourceVersion "1"]
[SourceVersionDate "2022.10.05"]
[SourceQuality "1"]
[WhiteTeam "Azerbaijan"]
[BlackTeam "Russia"]
[WhiteTeamCountry "AZE"]
[BlackTeamCountry "RUS"]

1. d4 d5 2. Bf4 Nf6 3. e3 c5 4. Nf3 Nc6 5. c3 Qb6 6. Qb3 c4 7. Qc2 Bf5 8. Qc1 e6 9. h3 h6 10. Be2 Be7 11. Nbd2 0-0 12. 0-0 Bh7 13. Bd1 Ne4 14. Bc2 f5 15. Bh2 Bf6 16. Rb1 g5 17. Nxe4 fxe4 18. Nd2 e5 19. b3 cxb3 20. Bxb3 Qa5 21. c4 Nb4 22. dxe5 Nd3 23. Qd1 Bxe5 24. Bxe5 Nxe5 25. cxd5 Rac8 26. Rc1 Kg7 27. Nc4 Nxc4 28. Rxc4 Bf5 29. Qd4+ Kg6 30. Rxc8 Rxc8 31. g4 Bd7 32. Qxe4+ Kf6 33. Qh7 Qd8 34. Qxh6+ Ke5 35. f4+ Ke4 36. fxg5 Qc7 37. d6 Qb6 38. Qh7+ Kxe3 39. Qxd7 Rc1 40. Rxc1 Kd2+ 41. Kg2 Kxc1 42. Qc7+ 1-0

[Event "Nizami Ganjavi 880 years U17"]
[Site "Tornelo INT"]
[Date "2021.04.02"]
[Round "2.5"]
[White "Suleymanov, Ali"]
[Black "Movahed, Sina"]
[Result "1-0"]
[WhiteElo "1645"]
[BlackElo "1804"]
[PlyCount "105"]
[EventDate "2021.04.02"]
[EventType "team-swiss (blitz)"]
[EventRounds "9"]
[EventCountry "AZE"]
[SourceTitle "EXT 2023"]
[Source "ChessBase"]
[SourceDate "2022.10.05"]
[SourceVersion "1"]
[SourceVersionDate "2022.10.05"]
[SourceQuality "1"]
[WhiteTeam "Azerbaijan"]
[BlackTeam "Iran"]
[WhiteTeamCountry "AZE"]
[BlackTeamCountry "IRI"]

1. d4 Nf6 2. Bf4 g6 3. e3 Bg7 4. Nf3 0-0 5. Be2 d6 6. 0-0 Nbd7 7. h3 c5 8. c3 b6 9. Bh2 Bb7 10. Nbd2 Rc8 11. a4 Ne4 12. Nxe4 Bxe4 13. Nd2 Bc6 14. a5 b5 15. Re1 b4 16. cxb4 cxd4 17. exd4 Bxd4 18. Nc4 Bg7 19. Qd2 d5 20. Ne3 e6 21. Ba6 d4 22. Nc4 Ra8 23. Rac1 Bd5 24. Nd6 Qh4 25. Rc7 Nf6 26. Bg3 Qh6 27. Bf4 g5 28. Bxg5 Qg6 29. Bd3 Qh5 30. Bxf6 Bxf6 31. Ne4 Bg7 32. Qf4 f5 33. Nc5 Rae8 34. Be2 Qg6 35. Bf3 Bxf3 36. Qxf3 e5 37. Qd5+ Kh8 38. Rxa7 e4 39. b5 d3 40. b6 Rg8 41. g3 e3 42. Nxd3 exf2+ 43. Kxf2 Rxe1 44. Nxe1 Bxb2 45. Ra8 Qxg3+ 46. Ke2 Rxa8 47. Qxa8+ Kg7 48. Qg2 Qxg2+ 49. Nxg2 Bd4 50. Nf4 Kf6 51. a6 Ke5 52. a7 Bxb6 53. a8Q 1-0

[Event "EU-ch U12"]
[Site "Bratislava"]
[Date "2019.08.06"]
[Round "5"]
[White "Cina`, Vittorio"]
[Black "Suleymanov, Ali"]
[Result "0-1"]
[WhiteElo "1780"]
[BlackElo "1631"]
[PlyCount "87"]
[EventDate "2019.08.02"]
[EventType "swiss"]
[EventRounds "9"]
[EventCountry "SVK"]
[SourceTitle "EXT 2020"]
[Source "ChessBase"]
[SourceDate "2019.10.17"]
[SourceVersion "1"]
[SourceVersionDate "2019.10.17"]
[SourceQuality "1"]

1. d4 Nf6 2. Bg5 e6 3. e4 h6 4. Bxf6 Qxf6 5. c3 b6 6. Qf3 Qxf3 7. Nxf3 Bb7 8. Bd3 Be7 9. 0-0 0-0 10. Nbd2 c5 11. Rfe1 cxd4 12. cxd4 d5 13. exd5 Bxd5 14. Be4 Bxe4 15. Nxe4 Nc6 16. Nc3 Bf6 17. Red1 Rfd8 18. Ne2 Rac8 19. Rd2 Rd6 20. Rad1 Rcd8 21. g3 g5 22. h3 Bg7 23. g4 a6 24. Kg2 b5 25. a3 Na5 26. Rc2 e5 27. Ng3 exd4 28. Nf5 R6d7 29. Nxg7 Kxg7 30. Ne5 Rd5 31. b4 Rxe5 32. bxa5 Re4 33. Kf3 Rf4+ 34. Kg3 d3 35. Rc6 d2 36. Rxa6 Re4 37. Rb6 Re1 38. Rxd2 Rxd2 39. a6 Rd3+ 40. Kg2 Rxa3 41. h4 gxh4 42. f4 Re2+ 43. Kf1 Rb2 44. Rb7 0-1

[Event "EU-ch U12"]
[Site "Bratislava"]
[Date "2019.08.04"]
[Round "3"]
[White "Hagner, Bennet"]
[Black "Suleymanov, Ali"]
[Result "1-0"]
[WhiteElo "1847"]
[BlackElo "1631"]
[PlyCount "67"]
[EventDate "2019.08.02"]
[EventType "swiss"]
[EventRounds "9"]
[EventCountry "SVK"]
[SourceTitle "EXT 2020"]
[Source "ChessBase"]
[SourceDate "2019.10.17"]
[SourceVersion "1"]
[SourceVersionDate "2019.10.17"]
[SourceQuality "1"]

1. e4 e5 2. Nf3 Nc6 3. Bb5 a6 4. Ba4 Nf6 5. 0-0 Be7 6. Re1 b5 7. Bb3 d6 8. c3 0-0 9. h3 Na5 10. Bc2 c5 11. d4 Qc7 12. Nbd2 cxd4 13. cxd4 Nc6 14. Nb3 a5 15. Be3 a4 16. Nbd2 a3 17. bxa3 Rxa3 18. Qe2 exd4 19. Bxd4 b4 20. Bb2 Ra8 21. Nb3 Be6 22. Rac1 Qb7 23. Bb1 Nd7 24. Nfd4 Nxd4 25. Nxd4 Nc5 26. Nf5 Bxf5 27. exf5 Bd8 28. f6 g6 29. Qd2 Nd7 30. Be4 Qa7 31. Bxa8 Qxa8 32. Qxd6 Qb7 33. Rcd1 Nxf6 34. Bxf6 1-0

[Event "Wch U10"]
[Site "Santiago de Compostela"]
[Date "2018.11.09"]
[Round "5"]
[White "Suleymanov, Ali"]
[Black "Vagman, Roy"]
[Result "0-1"]
[WhiteElo "1667"]
[BlackElo "1970"]
[PlyCount "120"]
[EventDate "2018.11.04"]
[EventType "swiss"]
[EventRounds "11"]
[EventCountry "ESP"]
[SourceTitle "EXT 2022"]
[Source "ChessBase"]
[SourceDate "2021.10.06"]
[SourceVersion "1"]
[SourceVersionDate "2021.10.06"]
[SourceQuality "1"]

1. d4 Nf6 2. Nf3 g6 3. e3 Bg7 4. Bd3 d5 5. 0-0 0-0 6. b3 b6 7. Bb2 Bb7 8. Nbd2 e6 9. Qe2 Nbd7 10. Ne5 Nxe5 11. dxe5 Nd7 12. f4 Re8 13. c4 Rc8 14. Rad1 Qe7 15. Bc2 Ba6 16. Rfe1 Red8 17. Qf3 dxc4 18. Nxc4 Bxc4 19. bxc4 Qb4 20. Bb3 a5 21. e4 a4 22. Bc3 Qa3 23. Bc2 Qxa2 24. Qe2 Qa3 25. Qe3 Bf8 26. Kh1 Bb4 27. Bxb4 Qxb4 28. Qe2 Nc5 29. Rxd8+ Rxd8 30. Rd1 Ra8 31. f5 Qc3 32. fxg6 hxg6 33. Qf2 Qxe5 34. Rf1 Rf8 35. Qf3 Kg7 36. Qa3 Rh8 37. h3 Qd4 38. Bxa4 Nxe4 39. Qf3 f5 40. Bc6 Nd2 41. Qf2 Qxf2 42. Rxf2 Nxc4 43. Rc2 Nd6 44. Bd7 c5 45. Bxe6 Kf6 46. Bd5 Ke5 47. Bf3 Ne4 48. Rb2 Rb8 49. Kg1 b5 50. Be2 b4 51. Bc4 Kd4 52. Bf7 Kc3 53. Rb3+ Kc2 54. Re3 b3 55. Re2+ Kd3 56. Rb2 c4 57. g4 Kc3 58. Rb1 Kc2 59. Re1 b2 60. Re2+ Kd3 0-1

[Event "EU-ch U10 27th"]
[Site "Mamaia"]
[Date "2017.09.08"]
[Round "4"]
[White "Georgiev, Konstantin"]
[Black "Suleymanov, Ali"]
[Result "0-1"]
[WhiteElo "1911"]
[BlackElo "1556"]
[PlyCount "92"]
[EventDate "2017.09.05"]
[EventType "swiss"]
[EventRounds "9"]
[EventCountry "ROU"]
[SourceTitle "CBM 180 Extra"]
[Source "ChessBase"]
[SourceDate "2017.10.06"]
[SourceVersion "1"]
[SourceVersionDate "2017.10.06"]
[SourceQuality "1"]

1. e4 e5 2. Nf3 Nc6 3. Bc4 Bc5 4. c3 Nf6 5. d4 exd4 6. cxd4 Bb4+ 7. Bd2 Bxd2+ 8. Nbxd2 d5 9. exd5 Nxd5 10. 0-0 0-0 11. h3 Re8 12. Re1 Rxe1+ 13. Qxe1 Be6 14. Ne4 Bf5 15. Nfg5 h6 16. Nf3 a6 17. Rc1 Bg6 18. Nc5 Rb8 19. Bb3 Nce7 20. Ne5 Bf5 21. g4 Bc8 22. Qe4 b6 23. Bxd5 Qxd5 24. Qxd5 Nxd5 25. Nc6 Ra8 26. Nd3 Bb7 27. Ncb4 Rc8 28. Nxd5 Bxd5 29. Nb4 Bb7 30. Nc6 Bxc6 31. Rxc6 Kf8 32. b4 Ke7 33. Kf1 Kd7 34. Rc3 Re8 35. Re3 Rxe3 36. fxe3 Kc6 37. a4 Kd5 38. Kf2 Kc4 39. Kf3 Kxb4 40. e4 Kxa4 41. e5 Kb5 42. d5 Kc5 43. Ke4 a5 44. h4 a4 45. g5 hxg5 46. hxg5 g6 0-1

[Event "EU-ch U10 27th"]
[Site "Mamaia"]
[Date "2017.09.07"]
[Round "3"]
[White "Suleymanov, Ali"]
[Black "Stevanovic, Jovan"]
[Result "1-0"]
[WhiteElo "1556"]
[BlackElo "1658"]
[PlyCount "97"]
[EventDate "2017.09.05"]
[EventType "swiss"]
[EventRounds "9"]
[EventCountry "ROU"]
[SourceTitle "CBM 180 Extra"]
[Source "ChessBase"]
[SourceDate "2017.10.06"]
[SourceVersion "1"]
[SourceVersionDate "2017.10.06"]
[SourceQuality "1"]

1. e4 c5 2. Nf3 d6 3. d4 cxd4 4. Nxd4 Nf6 5. Nc3 Nc6 6. Be3 e5 7. Nf3 Be7 8. h3 0-0 9. Qd2 a6 10. 0-0-0 b5 11. Bd3 Qa5 12. Kb1 Be6 13. b3 Rfd8 14. Ne2 Qxd2 15. Bxd2 d5 16. Ng3 h6 17. Rhe1 d4 18. c3 Bc5 19. cxd4 Bxd4 20. Nxd4 Nxd4 21. Be3 Kf8 22. Bxd4 Rxd4 23. Bc2 Rad8 24. f3 Ke7 25. Ne2 Rxd1+ 26. Rxd1 Rxd1+ 27. Bxd1 Kd6 28. Kb2 Kc5 29. Kc3 h5 30. Nc1 a5 31. Nd3+ Kd6 32. Be2 g6 33. Nb2 Kc6 34. a4 bxa4 35. bxa4 Ng8 36. Bc4 Bxc4 37. Nxc4 f6 38. Nxa5+ Kc5 39. Nb3+ Kc6 40. Kc4 Ne7 41. Nc5 Nc8 42. Nd3 Nd6+ 43. Kb4 h4 44. Nf2 g5 45. Ng4 Ne8 46. a5 Kd7 47. Kc5 Kc7 48. a6 Kc8 49. Kc6 1-0